SOCIO-ECONOMIC OFFENCES (Record no. 15143)
[ view plain ]
| 000 -LEADER | |
|---|---|
| fixed length control field | 00353nam a22001457a 4500 |
| 003 - CONTROL NUMBER IDENTIFIER | |
| control field | SGT |
| 020 ## - INTERNATIONAL STANDARD BOOK NUMBER | |
| International Standard Book Number | 8189530065 |
| 082 ## - DEWEY DECIMAL CLASSIFICATION NUMBER | |
| Classification number | 342.095 4,SIN |
| 100 ## - MAIN ENTRY--PERSONAL NAME | |
| Personal name | SINGH,J.S.P. |
| 245 ## - TITLE STATEMENT | |
| Title | SOCIO-ECONOMIC OFFENCES |
| 260 ## - PUBLICATION, DISTRIBUTION, ETC. (IMPRINT) | |
| Place of publication, distribution, etc | FARIDABAD (HARYANA) |
| Name of publisher, distributor, etc | SRI SAI LAW PUBLICATIONS |
| Year of Publication | 2017 |
| 300 ## - PAGE DESCRIPTION | |
| No. of Pages | 451 |
| 650 ## - SUBJECT ADDED ENTRY--TOPICAL TERM | |
| Topical term or geographic name as entry element | SOCIO-ECONOMIC OFFENCES |
| 942 ## - ADDED ENTRY ELEMENTS (KOHA) | |
| Source of classification or shelving scheme | Dewey Decimal Classification |
| Koha item type | Books |
| 942 ## - ADDED ENTRY ELEMENTS (KOHA) | |
| -- | 21 |
| Withdrawn status | Lost status | Source of classification or shelving scheme | Damaged status | Not for loan | Collection code | Home library | Current library | Shelving location | Date acquired | Vendor Name | Cost, normal purchase price | SGTU | Bill Number | Total Checkouts | Full call number | Accession No. (Barcode) | Date last seen | Date last borrowed | Bill Date | Koha item type | Total Renewals |
|---|---|---|---|---|---|---|---|---|---|---|---|---|---|---|---|---|---|---|---|---|---|
| Dewey Decimal Classification | LAW | SGT Science & Social Sciences Library | SGT Science & Social Sciences Library | Text Book | 07/02/2018 | COMMERCIAL HOUSE | 425.00 | SGTU | 3838 | 3 | 342.095 4,SIN | FL2078 | 16/05/2024 | 15/05/2024 | 03/02/2014 | Books | |||||
| Dewey Decimal Classification | LAW | SGT Science & Social Sciences Library | SGT Science & Social Sciences Library | Text Book | 07/02/2018 | COMMERCIAL HOUSE | 425.00 | SGTU | 3838 | 12 | 342.095 4,SIN | FL2079 | 03/06/2024 | 03/06/2024 | 03/02/2014 | Books | 1 | ||||
| Lost and Paid For | Dewey Decimal Classification | LAW | SGT Science & Social Sciences Library | SGT Science & Social Sciences Library | Text Book | 07/02/2018 | COMMERCIAL HOUSE | 425.00 | SGTU | 3838 | 8 | 342.095 4,SIN | FL2080 | 23/10/2024 | 08/05/2024 | 03/02/2014 | Books |